ABC del modelado / (Registro nro. 819)
[ vista simple ]
| 000 -CABECERA | |
|---|---|
| campo de control de longitud fija | 00637nam a2200229 a 4500 |
| 001 - NÚMERO DE CONTROL | |
| campo de control | $$a0000013271 |
| 005 - FECHA Y HORA DE LA ÚLTIMA TRANSACCIÓN | |
| campo de control | 20200120221924.0 |
| 008 - DATOS DE LONGITUD FIJA--INFORMACIÓN GENERAL | |
| campo de control de longitud fija | 990714s1993 espa gr 0 000 d |
| 020 ## - NÚMERO INTERNACIONAL ESTÁNDAR DEL LIBRO | |
| Número Internacional Estándar del Libro | 84-329-8301-2 |
| 082 04 - NÚMERO DE LA CLASIFICACIÓN DECIMAL DEWEY | |
| Número de clasificación | 731.42 |
| Número de documento/Ítem | I72 |
| 100 0# - ENTRADA PRINCIPAL--NOMBRE DE PERSONA | |
| Nombre de persona | Isenstein, Harald |
| 245 10 - MENCIÓN DE TÍTULO | |
| Título | ABC del modelado / |
| Mención de responsabilidad, etc. | Harald Isenstein. |
| 260 ## - PUBLICACIÓN, DISTRIBUCIÓN, ETC. | |
| Lugar de publicación, distribución, etc. | Barcelona |
| Nombre del editor, distribuidor, etc. | Ceac |
| Fecha de publicación, distribución, etc. | 1993 |
| 300 ## - DESCRIPCIÓN FÍSICA | |
| Extensión | 64p. : il. |
| 490 ## - MENCIÓN DE SERIE | |
| Mención de serie | Cómo hacerlo; No. 1 |
| 500 ## - NOTA GENERAL | |
| Nota general | Ej.1 de Marichuela donado por la Secretaría de Educación de Bogotá |
| 650 14 - PUNTO DE ACCESO ADICIONAL DE MATERIA--TÉRMINO DE MATERIA | |
| Término de materia o nombre geográfico como elemento de entrada | MODELADO |
| 650 14 - PUNTO DE ACCESO ADICIONAL DE MATERIA--TÉRMINO DE MATERIA | |
| Término de materia o nombre geográfico como elemento de entrada | TRABAJOS MANUALES |
| 650 14 - PUNTO DE ACCESO ADICIONAL DE MATERIA--TÉRMINO DE MATERIA | |
| Término de materia o nombre geográfico como elemento de entrada | ESCULTURA |
| 650 14 - PUNTO DE ACCESO ADICIONAL DE MATERIA--TÉRMINO DE MATERIA | |
| Término de materia o nombre geográfico como elemento de entrada | ARTESANIAS |
| 650 14 - PUNTO DE ACCESO ADICIONAL DE MATERIA--TÉRMINO DE MATERIA | |
| Término de materia o nombre geográfico como elemento de entrada | DESTREZA MANUAL |
No hay ítems disponibles.
